FRANCESCO ORLANDO, Obsolete Objects in the Literary Imagination. Ruins, Relics, Rarities, Rubbish, Unhabited Places, and Hidden Treasures. Traduit de l’italien par GABRIEL PIHAS et DANIEL SEIDEL, avec la collaboration d’ALESSANDRA GREGO. Avant-propos de DAVID QUINT. New Haven et Londres, Yale University Press, 2006. Un vol. 16,5 x 24,5 de 500 p. (notice n° 1654372)
[ vue normale ]
| 000 -LEADER | |
|---|---|
| fixed length control field | 00825cam a2200145 4500500 |
| 005 - DATE AND TIME OF LATEST TRANSACTION | |
| control field | 20260208005926.0 |
| 041 ## - LANGUAGE CODE | |
| Language code of text/sound track or separate title | fre |
| 042 ## - AUTHENTICATION CODE | |
| Authentication code | dc |
| 100 10 - MAIN ENTRY--PERSONAL NAME | |
| Personal name | Pety, Dominique |
| Relator term | author |
| 245 00 - TITLE STATEMENT | |
| Title | FRANCESCO ORLANDO, Obsolete Objects in the Literary Imagination. Ruins, Relics, Rarities, Rubbish, Unhabited Places, and Hidden Treasures. Traduit de l’italien par GABRIEL PIHAS et DANIEL SEIDEL, avec la collaboration d’ALESSANDRA GREGO. Avant-propos de DAVID QUINT. New Haven et Londres, Yale University Press, 2006. Un vol. 16,5 x 24,5 de 500 p. |
| 260 ## - PUBLICATION, DISTRIBUTION, ETC. | |
| Date of publication, distribution, etc. | 2007.<br/> |
| 500 ## - GENERAL NOTE | |
| General note | 13 |
| 786 0# - DATA SOURCE ENTRY | |
| Note | Revue d'histoire littéraire de la France | 107 | 3 | 2007-09-01 | p. 629zzt-688zzt | 0035-2411 |
| 856 41 - ELECTRONIC LOCATION AND ACCESS | |
| Uniform Resource Identifier | <a href="https://shs.cairn.info/revue-d-histoire-litteraire-de-la-france-2007-3-page-629zzt?lang=fr&redirect-ssocas=7080">https://shs.cairn.info/revue-d-histoire-litteraire-de-la-france-2007-3-page-629zzt?lang=fr&redirect-ssocas=7080</a> |
Pas d'exemplaire disponible.




Réseaux sociaux